=LDR 00000nam 2200000 4500 =001 INLIS000000000047664 =005 20160204103303.0 =006 =007 =008 =020 ##$$a 978.979.16272-0-7 =035 ##$$0010-021600000000052 =040 ##$$a NBPDMAT =082 ##$$a 811 =090 ##$$a 811 $bPur s =100 ##$$a Purwadi =245 ##$$a Sastra Jawa kuno : Puisi / Purwadi =250 ##$$a Cet.1 =260 ##$$a Yogyakarta $b Cipta Pustaka $c 2007 =300 ##$$a 255 hlm. ; 21 cm =650 ##$$a Puisi =850 ##$$a NBPDMAT =990 ##$$a 51500627 =990 ##$$a 51500627/BPAP-NTB/2016